Consommation Revue de socio-économie

Salvato in:
Dettagli Bibliografici
Natura: Periodico
Lingua:francese
Pubblicazione: Paris Dunod 1984
Tags: Aggiungi Tag
Nessun Tag, puoi essere il primo ad aggiungerne!!

MARC

LEADER 00000nas2a2200000 4500
001 s109330
005 20250730114202.2
041 0 |a fre 
044 |a FR 
245 1 0 |a Consommation  |b Revue de socio-économie 
264 1 |a Paris  |b Dunod  |c 1984 
300 |a 1 zv. 
773 0 |w eu_un_cat*s120599